Prime Ministers of Greece (1974 - today) - Statistics

General Stats
  • This quiz has been taken 722 times
    423 since last reset
  • The average score is 11 of 18
Answer Stats
Hint Answer % Correct
2015 Alexis Tsipras
95%
2015-2019 Alexis Tsipras
95%
2019- Kyriakos Mitsotakis
94%
1990-1993 Konstantinos Mitsotakis
92%
2004-2009 Konstantinos A. Karamanlis
87%
1974-1980 Konstantinos G. Karamanlis
87%
2012-2015 Antonis Samaras
79%
1996-2004 Konstantinos Simitis
70%
1981-1989 Andreas Papandreou
57%
1993-1996 Andreas Papandreou
57%
2009-2011 George Papandreou
57%
2011-2012 Lucas Papademos
44%
1980-1981 Georgios Rallis
41%
2012 Panagiotis Pikrammenos
40%
2015 Vassiliki Thanou - Christophilou
37%
1989-1990 Xenophon Zolotas
33%
1989 Tzannis Tzannetakis
27%
1989 Ioannis Grivas
18%
No matching quizzes found
Score Distribution
Percent of People with Each Score
Percentile by Number Answered
Your Score History
You have not taken this quiz since the last reset